000 00519nam a2200205Ia 4500
003 GCL
008 140319s9999 xx 000 0 eng d
040 _aGCL /
_cGCL
082 0 4 _a328.3
_bC E
100 1 _aCORBETT, RICHARD
245 1 0 _aTHE EUROPEAN PARLUAMENT /
_cCORBETT, RICHARD
700 1 _aJACOBS, FRANCIS
700 1 _aSHACKLETON, MICHAEL
260 _a[S.N] :
_bCARTERMILL ،
_c1995
300 _a357 P
650 0 4 _aEUROPE
650 0 4 _aPARLIOMENT
650 0 4 _aLEGISLATIVE BODIES
942 _2ddc
_cBK
999 _c11380
_d11380